000 02823nam a2200229Ia 4500
003 Ost
005 20260507075320.0
008 260507s9999||||xx |||||||||||||| ||und||
020 _a15253299579
040 _cfsecg
041 _aara
082 _a321.040961
100 _aبخوش، صبيحة
_eمؤلف
245 0 _aإتحاد المغرب العربي بين دوافع التكامل الاقتصادي و المعوقات السياسية 1989 - 2007 /
_c صبيحة بخوش
260 _aعمان:
_bدار الحامد للنشر والتوزيع,
_c2011
300 _a508 صفحة؛
_bإيضاحات ؛
_c25 سم
504 _aملاحق ص.419 ببليوغرافيا: ص.473-508
520 _aمقاربة نظرية لمفهوم التكامل الاقليمي السياسي و التكامل الاقتصادي، مقومات التكامل الاقتصادي المغاربي : الاعتبارات الجعرافية و التاريخية ، الامكانيات و الموارد المتاحة في بلدان المغرب العربي ، مبررات التكامل، المحاولات الوحدوية قبل قيام اتحاد المغرب العربي : العمل الوحدوي قبل 1962 وبعد الاستقلال، مبررات و اهداف قيام اتحاد المغرب العربي : العوامل الداخلية ، المؤشرات الخارجية ، أهداف دول المغرب العربي من التكامل، الأحكام الأساسية لاتحاد المغرب العربي : الظروف المحيطة باعلان معاهة مراكش و الملامح الكبرى لها ، الطبيعة القانونية لاتحاد المغرب العربي، الهيكل التنظيمي و البنية المؤسسية لاتحاد المغرب العربي : الهيئات ذات الطابع السياسي و الهيئات ذات الطابع التقني، الهيئة القضائية، الأجهزة ذات الطابع التخصصي، اتحاد المغرب العربي و التنسيق السياسي : الاتحاد بين البناء المؤسساتي و التعثر ، الاتحاد و بعض القضايا الإقليمية ، الاتحاد و الشراكات الغربية، اتحاد المغرب العربي و التكامل الاقتصادي : الملامح الكبرى لاستراتيجية مغاربية للتنمية المشتركة، الاطار القانوني لعملية التكامل الاقتصادي، نتائج العملية التكاملية و أخيرا معوقات اتحاد المغرب العربي و مداخل التفعيل
653 _aالتكامل الإقتصادي الدولي
653 _aالتكامل الإقتصادي- المغرب العربي
942 _cكتاب
999 _c43921
_d43921